[Event "Tarija op"]
[Site "Tarija"]
[Date "2023.04.08"]
[Round "5"]
[White "Tapia Espada, Antonio Enrique"]
[Black "Ibarra, Horacio"]
[Result "0-1"]
[WhiteElo "1680"]
[BlackElo "1973"]
[PlyCount "92"]
[EventDate "2023.04.06"]
[EventType "swiss"]
[EventRounds "7"]
[EventCountry "BOL"]
[SourceTitle "EXT 2024"]
[Source "ChessBase"]
[SourceDate "2023.10.10"]
[SourceVersion "1"]
[SourceVersionDate "2023.10.10"]
[SourceQuality "1"]

1. d4 d5 2. c4 e6 3. Nc3 Nf6 4. cxd5 exd5 5. Bg5 Be7 6. e3 0-0 7. Bd3 h6 8. Bh4 c5 9. dxc5 Nc6 10. Nge2 Kh8 11. Bc2 Be6 12. Nf4 g5 13. Nxe6 fxe6 14. Bg3 Bxc5 15. 0-0 Bd6 16. f4 Qb6 17. fxg5 Qxe3+ 18. Kh1 Bxg3 19. gxf6 Be5 20. Qg4 Qg5 21. Qxg5 hxg5 22. Rae1 Bxf6 23. Rf3 g4 24. Rf4 Bxc3 25. Rxf8+ Rxf8 26. bxc3 Rf2 27. Bd1 e5 28. Bxg4 Rxa2 29. Be6 Rd2 30. g4 Kg7 31. Bd7 e4 32. Ra1 Ne5 33. Kg1 Nxd7 34. Rxa7 Rb2 35. Ra5 Nb6 36. Rc5 Kf6 37. h4 Ke5 38. h5 Kf4 39. Rc7 Kg3 40. Kf1 Nc4 41. g5 e3 42. g6 Nd2+ 43. Ke2 Nc4+ 44. Ke1 Ne5 45. Re7 Nd3+ 46. Kd1 Rd2# 0-1